|
|
|
|
| LEADER |
00000nas a2200000 i 4500 |
| 001 |
ssj0000857984 |
| 003 |
WaSeSS |
| 005 |
20200512172242.0 |
| 006 |
m d |
| 007 |
cr n |
| 008 |
130109c20119999xv qx p s 0 0eng c |
| 010 |
|
|
|a 2013238451
|
| 022 |
|
|
|a 2232-2647
|y 1855-9719
|
| 035 |
|
|
|a (WaSeSS)ssj0000857984
|
| 040 |
|
|
|a AU@
|b eng
|c AU@
|d OCLCO
|d IUL
|d OCLCQ
|d CUS
|d OCLCF
|d OCLCO
|d OCLCQ
|d WaSeSS
|
| 041 |
0 |
|
|a eng
|a slv
|b eng
|
| 042 |
|
|
|a pcc
|
| 050 |
|
4 |
|a L10
|b .C47
|
| 245 |
0 |
0 |
|a CEPS journal
|h [electronic resource].
|
| 246 |
3 |
|
|a Center for Educational Policy Studies journal
|
| 246 |
3 |
|
|a Revija Centra za študij edukacijskih strategij
|
| 260 |
|
|
|a Ljubljana, Slovenia :
|b Faculty of Education, University of Ljubljana
|
| 310 |
|
|
|a Four issues per year
|
| 362 |
1 |
|
|a Began with v. 1, no. 1 (2011).
|
| 506 |
|
|
|a License restrictions may limit access.
|
| 546 |
|
|
|a Two issues in English and two in Slovenian (with English abstracts) per year.
|
| 588 |
|
|
|a Description based on: V. 1, no. 1 (2011); title from PDF title page (publisher's Web site, viewed April 23, 2013).
|
| 588 |
|
|
|a Latest issue consulted: V. 3, no. 1 (2013) (viewed April 23, 2013).
|
| 650 |
|
0 |
|a Education
|v Periodicals.
|
| 650 |
|
7 |
|a Education.
|2 fast
|0 (OCoLC)fst00902499
|
| 655 |
|
0 |
|a Electronic journals.
|
| 710 |
2 |
|
|a Univerza v Ljubljani.
|b Center za študij edukacijskih strategij.
|
| 776 |
0 |
8 |
|i Also issued as:
|t CEPS journal
|x 1855-9719
|
| 856 |
4 |
0 |
|z Full text available from Research Library: 01/01/2011 to present
|u https://search.proquest.com/publication/1336356
|